Statistics for Brazilian Rivers

Click here to take the quiz!

General Stats

  • This quiz has been taken 112 times
    (110 since last reset)
  • The average score is 8 of 20

Answer Stats

Answer% Correct
Amazonas
99%
Paraná
83%
São Francisco
82%
Tocantins
61%
Negro
59%
Tietê
59%
Araguaia
49%
Madeira
48%
Xingu
47%
Solimões
45%
Uruguai
33%
Grande
30%
Purus
30%
Iguaçu
25%
Parnaíba
25%
Tapajós
24%
Japurá
18%
Paraíba do Sul
17%
Juruá
14%
Paraguaçu
1%

Score Distribution

Percentile by Number Answered

Percent of People with Each Score

Your Score History

You have not taken this quiz since the last reset